|
|
|
|
| LEADER |
02400nam a2200661 i 4500 |
| 001 |
nkc20152745743 |
| 003 |
CZ PrNK |
| 005 |
20160510120823.0 |
| 007 |
ta |
| 008 |
151023s2015 xr ac e f 000 0 cze |
| 015 |
|
|
|a cnb002745743
|
| 020 |
|
|
|a 978-80-7414-936-8
|q (brožováno)
|
| 035 |
|
|
|a (OCoLC)939571748
|
| 040 |
|
|
|a BOA001
|b cze
|d ABA001
|e rda
|
| 041 |
0 |
|
|a cze
|b cze
|b eng
|
| 043 |
|
|
|a e-xr---
|
| 072 |
|
7 |
|a 62
|x Technika všeobecně
|2 Konspekt
|9 19
|
| 080 |
|
|
|a 004.94-023.5
|2 MRF
|
| 080 |
|
|
|a 655.3.066.51
|2 MRF
|
| 080 |
|
|
|a 377:62
|2 MRF
|
| 080 |
|
|
|a 72/76:37.016
|2 MRF
|
| 080 |
|
|
|a 37.014.542
|2 MRF
|
| 080 |
|
|
|a (437.3)
|2 MRF
|
| 080 |
|
|
|a (036)
|2 MRF
|
| 080 |
|
|
|a (084.11)
|2 MRF
|
| 100 |
1 |
|
|a Kratochvílová, Jitka,
|d 1980-
|7 xx0130514
|4 aut
|4 pht
|
| 245 |
1 |
0 |
|a 3D tisk /
|c Jitka Kratochvílová ; překlad: Petra Millarová ; fotografie Jitka Kratochvílová, Josef Růžička ad.
|
| 250 |
|
|
|a Vydání první
|
| 264 |
|
1 |
|a Ústí nad Labem :
|b Univerzita J.E. Purkyně v Ústí nad Labem,
|c 2015
|
| 300 |
|
|
|a 95 stran :
|b barevné ilustrace, portréty ;
|c 19 cm
|
| 336 |
|
|
|a text
|b txt
|2 rdacontent
|
| 336 |
|
|
|a statický obraz
|b sti
|2 rdacontent
|
| 337 |
|
|
|a bez média
|b n
|2 rdamedia
|
| 338 |
|
|
|a svazek
|b nc
|2 rdacarrier
|
| 500 |
|
|
|a 230 výtisků
|
| 504 |
|
|
|a Obsahuje bibliografické odkazy
|
| 546 |
|
|
|a České a anglické resumé
|
| 650 |
0 |
7 |
|a trojrozměrné modelování
|7 ph900614
|2 czenas
|
| 650 |
0 |
7 |
|a trojrozměrný tisk
|7 ph884112
|2 czenas
|
| 650 |
0 |
7 |
|a technická výchova
|7 ph126469
|2 czenas
|
| 650 |
0 |
7 |
|a výtvarná výchova
|7 ph127464
|2 czenas
|
| 650 |
0 |
7 |
|a vzdělávací projekty
|7 ph242428
|z Česko
|2 czenas
|
| 650 |
0 |
9 |
|a three-dimensional modelling
|2 eczenas
|
| 650 |
0 |
9 |
|a three-dimensional printing
|2 eczenas
|
| 650 |
0 |
9 |
|a technical education
|2 eczenas
|
| 650 |
0 |
9 |
|a art education
|2 eczenas
|
| 650 |
0 |
9 |
|a educational projects
|z Czechia
|2 eczenas
|
| 655 |
|
7 |
|a informační publikace
|7 fd132454
|2 czenas
|
| 655 |
|
7 |
|a obrazové publikace
|7 fd132947
|2 czenas
|
| 655 |
|
9 |
|a information publications
|2 eczenas
|
| 655 |
|
9 |
|a pictorial works
|2 eczenas
|
| 700 |
1 |
|
|a Millarová, Petra
|4 trl
|
| 700 |
1 |
|
|a Růžička, Josef
|7 mzk2016899214
|4 pht
|
| 910 |
2 |
|
|a BOA001
|b 1-1360.121
|
| 990 |
|
|
|a BK
|
| 995 |
|
|
|a 01
|
| 991 |
|
|
|b 201601
|c NOV
|
| 996 |
6 |
|
|b 2610656210
|c 1-1360.121
|l MZK
|r Sklad / do 1 hodiny
|n 46
|p p.v.
|w 001539800
|u 000010
|a 1
|e BOA001
|j MZK50
|s P
|